Statistics for Alaska General Knowledge

Click here to take the quiz!

General Stats

  • This quiz has been taken 98 times
  • The average score is 6 of 15

Answer Stats

HintAnswer% Correct
Largest city, known for its Alaskan cultureAnchorage
100%
National park and highest point in alaskaDenali
89%
State nickname: The Last ________Frontier
87%
State capital reachable only by boat or airplaneJuneau
84%
Largest city in the interior of AlaskaFairbanks
79%
First ever airlines to offer flights to AnchorageAlaska Airlines
57%
National park on a peninsula, near SewardKenai Fjords
33%
Grammy nominated singer raised in AnchorageJewel
23%
National park that protects the Brooks RangeGates of the Arctic
21%
National park most popular with cruise shipsGlacier Bay
11%
Largest national forest in americaTongass
11%
National park and preserve in Port AlsworthLake Clark
8%
National park 25 miles from the Arctic CircleKobuk Valley
7%
Largest glacier accesible by car in the U.S.Matanuska
7%
Popular tourist attraction outside of HoonahIcy Strait Point
3%

Score Distribution

Percentile by Number Answered

Percent of People with Each Score

Your Score History

You have not taken this quiz